[Event "Detroit (MEX/3/2)"]
[Site "?"]
[Date "1994.??.??"]
[Round "?"]
[White "Andrews, Steve"]
[Black "Dangremond, Leonard"]
[Result "0-1"]
[WhiteElo "2220"]
[BlackElo "2030"]
[PlyCount "96"]
[EventDate "1994.??.??"]

{3/(2)} 1. d4 Nf6 2. Nf3 d5 3. c4 e6 4. g3 Nbd7 5. Bg2 Ne4 6. O-O Be7 7. Qc2
O-O 8. Bf4 f5 9. cxd5 exd5 10. Bxc7 Qe8 11. Nc3 Ndf6 12. Qb3 Be6 13. Qxb7 Rc8
14. Ne5 Nxc3 15. bxc3 Ne4 16. c4 dxc4 17. Ba5 Bf6 18. a4 Bxe5 19. dxe5 Rf7 20.
Qb1 c3 21. Qc2 Nd2 22. Rfe1 Nb3 23. Bb4 Nxa1 24. Rxa1 Rfc7 25. Bd6 Rc4 26. Bb7
Rd8 27. Ba6 Rg4 28. Bb5 Qf7 29. Qxc3 f4 30. Rc1 fxg3 31. hxg3 Qf4 32. Rc2 h5
33. Qf3 Qd4 34. e3 Qa1+ 35. Kg2 Qb1 36. Bd3 Qb3 37. e4 Qxa4 38. Qe2 h4 39. Bc4
Bxc4 40. Rxc4 Qd7 41. Rc7 Qe6 42. Re7 Qg6 43. Rxa7 hxg3 44. f3 Rh4 45. Qc4+ Kh7
46. Qf7 Rh2+ 47. Kg1 Qxf7 48. Rxf7 Ra8 0-1

[Event "Eastpointe (US Am N/2/13)"]
[Site "?"]
[Date "1994.??.??"]
[Round "?"]
[White "Andreas, Peter"]
[Black "Vega, D."]
[Result "1-0"]
[WhiteElo "1915"]
[BlackElo "1650"]
[PlyCount "73"]
[EventDate "1994.??.??"]

{2/(13)} 1. e4 c5 2. Nf3 Nc6 3. d4 cxd4 4. Nxd4 Nf6 5. Nc3 e5 6. Ndb5 d6 7. a4
Be6 8. Bg5 a6 9. Na3 h6 10. Bh4 g5 11. Bg3 h5 12. f3 Qb6 13. Rb1 Qb4 14. Qd2
O-O-O 15. Bd3 Bh6 16. O-O h4 17. Be1 g4 18. Qd1 Be3+ 19. Kh1 gxf3 20. Qxf3 Ng4
21. h3 Nd4 22. Qd1 Rdg8 23. Nd5 Qc5 24. b4 Qa7 25. Ne7+ Kd7 26. Nxg8 Rxg8 27.
c3 Nc6 28. hxg4 Bxg4 29. Be2 Be6 30. Nc4 Qb8 31. Nxe3 Ne7 32. Bg4 f5 33. exf5
Nxf5 34. Bxf5 Ke7 35. Bxe6 Kxe6 36. Qd5+ Ke7 37. Qf7+ 1-0

[Event "Eastpointe (US Am N/6/10)"]
[Site "?"]
[Date "1994.??.??"]
[Round "?"]
[White "Andreas, Peter"]
[Black "Thurman, John"]
[Result "1-0"]
[WhiteElo "1915"]
[BlackElo "1740"]
[PlyCount "43"]
[EventDate "1994.??.??"]

{6/(10)} 1. e4 e5 2. Nf3 Nc6 3. Bc4 Bc5 4. c3 Nf6 5. d4 exd4 6. cxd4 Bb4+ 7.
Nc3 d5 8. exd5 Nxd5 9. O-O Nxc3 10. Qe1+ Qe7 11. bxc3 Bd6 12. Bg5 Qxe1 13.
Rfxe1+ Kf8 14. Nd2 h6 15. Bh4 g5 16. Bg3 Bxg3 17. fxg3 Bf5 18. Rf1 Bg6 19. Rae1
Re8 20. Nb3 b6 21. Rxe8+ Kxe8 22. Bb5 1-0

[Event "Eastpointe (US Am N/4/12)"]
[Site "?"]
[Date "1994.??.??"]
[Round "?"]
[White "Andreas, Peter"]
[Black "Jointer, William"]
[Result "0-1"]
[WhiteElo "1915"]
[BlackElo "1700"]
[PlyCount "50"]
[EventDate "1994.??.??"]

{4/(12)} 1. e4 c5 2. Nf3 Nc6 3. d4 cxd4 4. Nxd4 Nf6 5. Nc3 g6 6. Be3 Bg7 7. Be2
O-O 8. Qd2 Re8 9. g4 d5 10. Nxc6 bxc6 11. exd5 cxd5 12. O-O-O Qa5 13. a3 Be6
14. g5 Ng4 15. Bd4 f6 16. f4 Bf5 17. h3 e5 18. Bxg4 exd4 19. Qxd4 fxg5 20.
Qxd5+ Qxd5 21. Nxd5 Rab8 22. c3 Be4 23. Rhf1 Bxd5 24. Rxd5 gxf4 25. Rxf4 Bh6
0-1

[Event "Detroit (MCO/DEU/6/8)"]
[Site "?"]
[Date "1994.??.??"]
[Round "?"]
[White "Andreas, L."]
[Black "Wheeler, Jason"]
[Result "0-1"]
[WhiteElo "1605"]
[BlackElo "1605"]
[PlyCount "78"]
[EventDate "1994.??.??"]

{6/(8)} 1. d4 d5 2. Nf3 c6 3. Bf4 Bf5 4. h3 e6 5. g4 Bg6 6. h4 h6 7. h5 Bh7 8.
e3 Nd7 9. Bd3 Bxd3 10. Qxd3 c5 11. dxc5 Bxc5 12. Ne5 Nxe5 13. Bxe5 Nf6 14. Qb5+
Nd7 15. Bxg7 Rg8 16. Bxh6 Rxg4 17. Nc3 Rb4 18. Qe2 Rxb2 19. Rg1 Qa5 20. Kd2
O-O-O 21. Rab1 Rxb1 22. Rxb1 Nf6 23. f3 d4 24. exd4 Rxd4+ 25. Kc1 Qxc3 26. Bd2
Qa3+ 27. Rb2 Bb4 28. Bxb4 Rxb4 29. Qe5 Qxb2+ 30. Qxb2 Rxb2 31. Kxb2 Nxh5 32. c4
Kc7 33. Kb3 Kc6 34. Kb4 b6 35. a4 a5+ 36. Kc3 Kc5 37. Kb3 Ng3 38. f4 Ne2 39. f5
exf5 0-1

[Event "Detroit (MCO/DEU/3b/3)"]
[Site "?"]
[Date "1994.??.??"]
[Round "?"]
[White "Andreas, L."]
[Black "Smeckert, Dennis"]
[Result "0-1"]
[WhiteElo "1605"]
[BlackElo "1605"]
[PlyCount "63"]
[EventDate "1994.??.??"]

1. d4 d5 2. Nf3 Bf5 3. Bf4 Nf6 4. e3 e6 5. h3 Nbd7 6. g4 Be4 7. Nbd2 Bxf3 8.
Nxf3 Be7 9. Bd3 O-O 10. Ne5 c5 11. dxc5 Nxc5 12. g5 Nxd3+ 13. Qxd3 Ne4 14. h4
Rc8 15. c3 f6 16. g6 fxe5 17. gxh7+ Kh8 18. Bxe5 Bf6 19. Qd4 Bxe5 20. Qxe5 Qf6
21. Qxf6 Rxf6 22. Rh2 Rf3 23. Ke2 Rcf8 24. Rf1 Ng3+ 25. Ke1 Nxf1 26. Kxf1 Rxe3
27. Rg2 Rh3 28. Rg4 Rh2 29. Rg2 Rxg2 30. Kxg2 Kxh7 31. Kg3 e5 32. h5 0-1

[Event "Detroit (MCO/DEU/1a/10)"]
[Site "?"]
[Date "1994.??.??"]
[Round "?"]
[White "Andreas, L."]
[Black "Silveri, Marco"]
[Result "0-1"]
[WhiteElo "1605"]
[BlackElo "1605"]
[PlyCount "32"]
[EventDate "1994.??.??"]

1. d4 Nf6 2. Nf3 g6 3. Bf4 Bg7 4. e3 d6 5. h3 O-O 6. Bd3 Nbd7 7. Nc3 c6 8. Qd2
Re8 9. O-O-O e5 10. Bg5 Qc7 11. Ne4 Nxe4 12. Bxe4 d5 13. Bd3 e4 14. h4 exd3 15.
Qxd3 Nf6 16. Rde1 Ne4 0-1

[Event "Gaylord (NMO/5/10)"]
[Site "?"]
[Date "1994.??.??"]
[Round "?"]
[White "Andreas, L."]
[Black "Robinson, Erik"]
[Result "0-1"]
[WhiteElo "1605"]
[BlackElo "1605"]
[PlyCount "62"]
[EventDate "1994.??.??"]

{5/(10)} 1. d4 e6 2. Nf3 c5 3. c3 b6 4. e4 Qc7 5. e5 Bb7 6. Be2 cxd4 7. cxd4
Na6 8. a3 Rc8 9. Nc3 Nb8 10. Bf4 Ne7 11. Rc1 Nd5 12. Nb5 Qd8 13. Bg3 Nc6 14.
Bh4 f6 15. O-O Be7 16. Nd6+ Bxd6 17. exd6 O-O 18. Ne5 Nf4 19. Bf3 Qe8 20. Nxc6
dxc6 21. Bg3 Ng6 22. Re1 f5 23. Qb3 f4 24. Rxe6 Qf7 25. d7 Rcd8 26. Rce1 Rxd7
27. Qd1 fxg3 28. fxg3 Rfd8 29. Rf1 Qxe6 30. Be2 Rxd4 31. Qc2 Re4 0-1

[Event "Gaylord (NMO/2/15)"]
[Site "?"]
[Date "1994.??.??"]
[Round "?"]
[White "Andreas, L."]
[Black "Ranger, J."]
[Result "1-0"]
[WhiteElo "1605"]
[BlackElo "1605"]
[PlyCount "53"]
[EventDate "1994.??.??"]

{2/(15)} 1. d4 g6 2. Nf3 Bg7 3. e4 d6 4. Bd3 Nf6 5. b3 O-O 6. Bb2 e6 7. e5 Nd5
8. Nc3 Nf4 9. O-O Nd7 10. Ba3 Re8 11. exd6 cxd6 12. Bxd6 Bh6 13. Ne4 b6 14. Qd2
Nh3+ 15. gxh3 Bxd2 16. Nfxd2 Nf6 17. Be5 Nh5 18. Nf3 Bb7 19. Rfe1 f5 20. Neg5
h6 21. Nxe6 Rxe6 22. Bc4 Bd5 23. Be2 Rc8 24. c4 Bxf3 25. Bxf3 Qg5+ 26. Kh1 Qe3
27. Rxe3 $138 1-0

[Event "Detroit (MCO/DEU/2b/5)"]
[Site "?"]
[Date "1994.??.??"]
[Round "?"]
[White "Andreas, L."]
[Black "Melton, J."]
[Result "1-0"]
[WhiteElo "1605"]
[BlackElo "1605"]
[PlyCount "23"]
[EventDate "1994.??.??"]

1. d4 d5 2. Bf4 Nc6 3. Nf3 Nf6 4. h3 e6 5. e3 a6 6. Bd3 Nb4 7. Ne5 Nxd3+ 8.
Nxd3 Bd6 9. Ne5 Nd7 10. Nd2 f6 11. Qh5+ Kf8 12. Qf7# 1-0

[Event "Detroit (MCO/DEU/3a/7)"]
[Site "?"]
[Date "1994.??.??"]
[Round "?"]
[White "Andreas, L."]
[Black "Danek, C."]
[Result "0-1"]
[WhiteElo "1605"]
[BlackElo "1605"]
[PlyCount "94"]
[EventDate "1994.??.??"]

1. d4 Nf6 2. Bf4 e6 3. Nf3 Be7 4. e3 b6 5. Bd3 Bb7 6. Nbd2 d6 7. e4 Nbd7 8. e5
dxe5 9. dxe5 Nd5 10. Bg3 O-O 11. h4 f6 12. Nc4 Nb4 13. O-O Nxd3 14. cxd3 fxe5
15. Nfxe5 Nxe5 16. Nxe5 Bxh4 17. Qg4 Qd5 18. Bxh4 Qxe5 19. d4 Qd6 20. Rae1 Bd5
21. Bg3 Qd7 22. b3 Rf6 23. Re5 Rg6 24. Rg5 Rxg5 25. Qxg5 Rf8 26. Re1 Rf5 27.
Qc1 c6 28. Re3 Qf7 29. Qe1 Qg6 30. f3 Rg5 31. f4 Rh5 32. Qf2 Qb1+ 33. Re1 Qg6
34. Re5 Rf5 35. Re2 Kf8 36. Bh2 Ke7 37. Qh4+ Kd7 38. Kf2 Qxg2+ 39. Ke1 Qg6 40.
Re3 h6 41. Rg3 Qf7 42. Qg4 g5 43. fxg5 Rf1+ 44. Kd2 Rf2+ 45. Kc3 Rxh2 46. g6
Qf2 47. Kb4 a5+ 0-1

[Event "Grand Rapids (MI Am/2/12)"]
[Site "?"]
[Date "1994.??.??"]
[Round "?"]
[White "Anderson, R."]
[Black "Baker, T."]
[Result "1-0"]
[WhiteElo "1860"]
[BlackElo "1605"]
[PlyCount "85"]
[EventDate "1994.??.??"]

{2/(12)} 1. e4 e6 2. d4 d5 3. Nc3 Nf6 4. e5 Nfd7 5. Nf3 c5 6. Be3 Nc6 7. Qd2
cxd4 8. Bxd4 a6 9. Qe3 Nxd4 10. Nxd4 Bc5 11. O-O-O b5 12. f4 Qc7 13. Qg3 O-O
14. Nb3 Bb6 15. Bd3 Nc5 16. Nxc5 Qxc5 17. Qh3 Qe3+ 18. Kb1 Qxh3 19. gxh3 Be3
20. Rhf1 Bb7 21. Rde1 Ba7 22. f5 b4 23. Nd1 d4 24. Be4 Bxe4 25. Rxe4 exf5 26.
Rxf5 Rfe8 27. Nf2 Bb6 28. Nd3 a5 29. Rf1 Re7 30. Nf4 Ba7 31. Rfe1 Rae8 32. Ng2
Re6 33. Nh4 f6 34. Nf3 Bb6 35. Kc1 Kf7 36. Kd2 Rd8 37. Kd3 h6 38. exf6 Rxf6 39.
Nxd4 Rf3+ 40. Kc4 Bxd4 41. Rxd4 Rxd4+ 42. Kxd4 Rf2 43. Kd3 {[Remainder
illegible; 1-0, 63?]} 1-0

[Event "Detroit (MCO/DEU/5/7)"]
[Site "?"]
[Date "1994.??.??"]
[Round "?"]
[White "Anderson, N."]
[Black "Scales, H."]
[Result "0-1"]
[WhiteElo "1605"]
[BlackElo "1605"]
[PlyCount "97"]
[EventDate "1994.??.??"]

{5/(7)} 1. e4 e5 2. Bc4 Nf6 3. d3 h6 4. Ne2 Bc5 5. Nbc3 c6 6. O-O a5 7. a3 b5
8. Ba2 Qc7 9. b4 Bb6 10. Ng3 d6 11. Nce2 O-O 12. h3 Be6 13. c3 axb4 14. cxb4
Qc8 15. Bxe6 Qxe6 16. Nf5 Nbd7 17. Neg3 Rad8 18. Qd2 d5 19. Nxg7 Nxe4 20. Nxe6
Nxd2 21. Rd1 Rde8 22. Bxd2 Rxe6 23. Nf5 Kh7 24. Be3 d4 25. Bd2 Rf6 26. Ng3 Rg8
27. Ne4 Re6 28. f3 f5 29. Nf2 Reg6 30. g4 h5 31. g5 h4 32. f4 Bc7 33. Re1 exf4
34. Re7+ R6g7 35. Rxg7+ Kxg7 36. Kf1 Kf8 37. a4 bxa4 38. Rxa4 Bb6 39. Bxf4 Rg6
40. Ra6 Kf7 41. Nd1 Bd8 42. Ra7 Ke6 43. Nb2 Bxg5 44. Bc7 Be3 45. Bh2 f4 46. Nc4
f3 47. Nxe3 dxe3 48. Bf4 e2+ 49. Kf2 0-1

[Event "Detroit (MCO/DEU/1b/6)"]
[Site "?"]
[Date "1994.??.??"]
[Round "?"]
[White "Anderson, N."]
[Black "Kalmadi, S."]
[Result "0-1"]
[WhiteElo "1605"]
[BlackElo "1605"]
[PlyCount "110"]
[EventDate "1994.??.??"]

1. e4 e6 2. d4 d5 3. exd5 exd5 4. Bd3 Nc6 5. Be3 g6 6. Ne2 Bg7 7. O-O Nge7 8.
c3 Bf5 9. Ng3 Qd7 10. Re1 Bxd3 11. Qxd3 O-O 12. Nd2 a6 13. Nf3 f5 14. Qd2 Rae8
15. Bf4 Nd8 16. Re2 Nf7 17. Rae1 h6 18. Be5 Nc6 19. Bxg7 Kxg7 20. Qf4 Nd6 21.
Ne5 Nxe5 22. dxe5 Ne4 23. f3 g5 24. Qc1 Nc5 25. Nh5+ Kg6 26. Nf6 Rxf6 27. exf6
Rf8 28. Re7 Qd6 29. Rg7+ Kxf6 30. Ree7 Ne6 31. Rh7 Qb6+ 32. Kf1 Qb5+ 33. Kg1
Qe2 34. h4 Nf4 35. hxg5+ hxg5 36. Qf1 Qxb2 37. Rxc7 Kg6 38. Rxb7 Ne2+ 39. Kh2
Qd2 40. Rhe7 Rh8+ 41. Rh7 Rxh7+ 42. Rxh7 Kxh7 43. Qf2 Qf4+ 44. g3 Qxg3+ 45.
Qxg3 Nxg3 46. Kxg3 Kg6 47. a4 Kf6 48. f4 g4 49. Kh4 Ke6 50. Kg3 Kd6 51. Kh4 Kc5
52. Kg5 g3 53. Kxf5 g2 54. Ke5 g1=Q 55. f5 Qe3+ 0-1

[Event "Eastpointe (US Am N/5/37)"]
[Site "?"]
[Date "1994.??.??"]
[Round "?"]
[White "Anderson, JE."]
[Black "Troupe, D."]
[Result "0-1"]
[WhiteElo "1605"]
[BlackElo "1605"]
[PlyCount "74"]
[EventDate "1994.??.??"]

{5/(37)} 1. e4 e5 2. Bc4 Nf6 3. d3 h6 4. Nc3 Bb4 5. Nge2 d6 6. h3 Nc6 7. a3 Ba5
8. Be3 Bxc3+ 9. Nxc3 a6 10. O-O Ne7 11. f4 exf4 12. Bxf4 Ng6 13. Be3 Qe7 14.
Nd5 Nxd5 15. Bxd5 O-O 16. Bd4 Nh4 17. Qd2 c6 18. Bc4 Be6 19. Bxe6 Qxe6 20. Qf2
Rad8 21. Qxh4 Rd7 22. Rf4 c5 23. Bc3 f5 24. Raf1 Rdf7 25. Qe1 fxe4 26. Rxf7
Rxf7 27. Rxf7 Qxf7 28. Qxe4 d5 29. Qf3 Qe6 30. Qg4 Qe3+ 31. Kh2 d4 32. Qc8+ Kh7
33. Qxc5 Qf4+ 34. Kg1 Qe3+ 35. Kh2 Qf4+ 36. Kh1 Qf1+ 37. Kh2 Qf4+ 0-1

[Event "Detroit (MOR/2/45)"]
[Site "?"]
[Date "1994.??.??"]
[Round "?"]
[White "Anderson, JE."]
[Black "Strenio, G."]
[Result "0-1"]
[WhiteElo "1605"]
[BlackElo "1605"]
[PlyCount "60"]
[EventDate "1994.??.??"]

{2/(45)} 1. e4 c5 2. Nf3 e6 3. g3 Nf6 4. d3 Nc6 5. Bg2 d6 6. O-O g6 7. Re1 Bg7
8. c3 Bd7 9. e5 dxe5 10. Nxe5 Nxe5 11. Rxe5 Qb6 12. Qe2 O-O 13. Be3 Nd5 14. Rg5
Nxe3 15. fxe3 e5 16. Na3 a6 17. Rg4 Bxg4 18. Qxg4 Qxb2 19. Rb1 Qxa3 20. Rxb7
Qc1+ 21. Kf2 Rab8 22. Qe4 Qd2+ 23. Kf1 Rxb7 24. Qxb7 Qxd3+ 25. Kf2 Qd2+ 26. Kf1
Qxa2 27. Qc6 Qa1+ 28. Kf2 Qb2+ 29. Kf1 Qxc3 30. Qd6 Qxe3 0-1

[Event "Detroit (MOR/6/52)"]
[Site "?"]
[Date "1994.??.??"]
[Round "?"]
[White "Anderson, JE."]
[Black "Meza, Alex"]
[Result "0-1"]
[WhiteElo "1605"]
[BlackElo "1605"]
[PlyCount "48"]
[EventDate "1994.??.??"]

{6/(52)} 1. d4 d5 2. c4 dxc4 3. e4 Nc6 4. Be3 Nf6 5. Nc3 e6 6. a3 Be7 7. Bxc4
O-O 8. g4 Nxg4 9. Qxg4 e5 10. Bh6 Bxg4 11. Be3 Nxd4 12. Rc1 Nf3+ 13. Nxf3 Bxf3
14. Rg1 Qd7 15. Nd5 c6 16. Nxe7+ Qxe7 17. Bh6 g6 18. Bxf8 Rxf8 19. Bd3 Qh4 20.
Be2 Qxe4 21. Rc2 Qxc2 22. Bxf3 Rd8 23. Kf1 Rd2 24. Rg2 Qc1+ 0-1

[Event "Detroit (MOR/4/53)"]
[Site "?"]
[Date "1994.??.??"]
[Round "?"]
[White "Anderson, JE."]
[Black "Davis, Ralph"]
[Result "0-1"]
[WhiteElo "1605"]
[BlackElo "1605"]
[PlyCount "80"]
[EventDate "1994.??.??"]

{4/(53)} 1. Nf3 Nf6 2. g3 d5 3. Bg2 e6 4. d3 Be7 5. O-O O-O 6. Nbd2 c5 7. e4
Nc6 8. Re1 Qc7 9. e5 Nd7 10. Qe2 b6 11. Nf1 h6 12. h4 a5 13. a4 Ba6 14. Bf4 c4
15. N1h2 cxd3 16. cxd3 Nb4 17. Rac1 Qa7 18. Rc3 Nc5 19. Bf1 Nbxd3 20. Rxd3 Nxd3
21. Nd4 Nxe1 22. Qxe1 Bxf1 23. Nc6 Qd7 24. Nxe7+ Qxe7 25. Nxf1 Rfc8 26. Kg2 Rc2
27. b3 Rac8 28. Ne3 R2c3 29. Qd1 Qb4 30. Nxd5 exd5 31. Qxd5 Qxb3 32. Qd6 Qxa4
33. e6 Qe4+ 34. Kh3 Qxe6+ 35. Kh2 Qxd6 36. Bxd6 a4 37. Kh3 a3 38. Kg2 a2 39.
Kh3 a1=Q 40. Be5 Qh1+ 0-1

[Event "Eastpointe (US Am N/2/36)"]
[Site "?"]
[Date "1994.??.??"]
[Round "?"]
[White "Anderson, JE."]
[Black "Bezrutch, B."]
[Result "1-0"]
[WhiteElo "1605"]
[BlackElo "1605"]
[PlyCount "59"]
[EventDate "1994.??.??"]

{2/(36)} 1. e4 e5 2. Bc4 Bc5 3. Nf3 Nf6 4. d3 d5 5. exd5 Nxd5 6. Nxe5 Bxf2+ 7.
Kxf2 Qh4+ 8. Kf1 Be6 9. Qe1 O-O 10. Qxh4 f6 11. Nf3 Nd7 12. Kf2 Ne5 13. Nbd2
Ng4+ 14. Kg1 g5 15. Qg3 Nf4 16. Bxe6+ Kg7 17. Qxg4 Rae8 18. Nd4 c5 19. N4f3
Rxe6 20. Ne4 h5 21. Qf5 Rfe8 22. Bxf4 gxf4 23. Re1 c4 24. g4 hxg4 25. Qxg4+ Kf7
26. Kf2 cxd3 27. cxd3 Rc6 28. Qxf4 Rc2+ 29. Kf1 Re6 30. Neg5+ 1-0

[Event "Grand Rapids (MI Am/5/4)"]
[Site "?"]
[Date "1994.??.??"]
[Round "?"]
[White "Anderson, Gale"]
[Black "Taylor, E."]
[Result "0-1"]
[WhiteElo "1785"]
[BlackElo "1920"]
[PlyCount "132"]
[EventDate "1994.??.??"]

{5/(4)} 1. d4 Nf6 2. c4 g6 3. Nc3 d5 4. e3 Bg7 5. Nf3 O-O 6. Bd2 Nc6 7. Rc1 Re8
8. cxd5 Nxd5 9. Bb5 Ndb4 10. O-O a6 11. Be2 e5 12. Be1 exd4 13. Nxd4 Nxd4 14.
exd4 Qxd4 15. a3 Nc6 16. Bd2 Bf5 17. Be3 Qh4 18. Qb3 Na5 19. Qd1 Rad8 20. Qe1
Be5 21. g3 Qe7 22. Bf3 Nb3 23. Nd5 Qd7 24. Rd1 Bc2 25. Nf6+ Bxf6 26. Rxd7 Rxd7
27. Qb4 Bxb2 28. Qxb7 Bxa3 29. Qxa6 Bf8 30. Qa2 Nd2 31. Bc6 Bb3 32. Qa7 Nxf1
33. Bxd7 Re7 34. Bh3 Nxe3 35. fxe3 c6 36. Qd4 Bd5 37. Kf2 Re4 38. Qa1 Rc4 39.
Qb2 Ra4 40. Kg1 Ra2 41. Qe5 Rc2 42. Bf1 Rc1 43. Qb2 Rd1 44. Kf2 Be4 45. Be2 Rb1
46. Qd4 Bd5 47. Qd3 Rb2 48. Qc3 Bg7 49. Qa5 Bc4 50. Qd8+ Bf8 51. Qd4 Rxe2+ 52.
Kf3 Bb5 53. h4 h5 54. g4 hxg4+ 55. Qxg4 Bh6 56. Qc8+ Kg7 57. e4 Re3+ 58. Kf2
Rxe4 59. Qc7 Rxh4 60. Qe5+ Kh7 61. Qc7 Rf4+ 62. Kg3 Rf5 63. Qb7 Bf4+ 64. Kg2
Bc4 65. Kh3 Rg5 66. Qxc6 Be6+ 0-1

[Event "Grand Rapids (MI Am/4/17)"]
[Site "?"]
[Date "1994.??.??"]
[Round "?"]
[White "Anderson, Gale"]
[Black "Seibert, T."]
[Result "1-0"]
[WhiteElo "1785"]
[BlackElo "1605"]
[PlyCount "63"]
[EventDate "1994.??.??"]

{4/(17)} 1. d4 d5 2. h3 c5 3. Nf3 Nc6 4. c3 Nf6 5. Bg5 Ne4 6. e3 h6 7. Bf4 Bf5
8. Nbd2 e6 9. Nxe4 dxe4 10. Nd2 Bd6 11. Bxd6 Qxd6 12. Bb5 O-O 13. O-O a6 14.
Ba4 e5 15. Nc4 Qg6 16. Kh2 Rad8 17. Bxc6 Qxc6 18. Nxe5 Qd6 19. Kh1 f6 20. Ng4
Bxg4 21. Qxg4 f5 22. Qe2 f4 23. Qc4+ Kh8 24. dxc5 Qg6 25. exf4 Rxf4 26. Rae1
Rdf8 27. Qd4 e3 28. Qxe3 Re4 29. Qxe4 Qxe4 30. Rxe4 Rd8 31. Rd4 Rc8 32. b4 1-0

[Event "Grand Rapids (MI Am/1/19)"]
[Site "?"]
[Date "1994.??.??"]
[Round "?"]
[White "Anderson, Gale"]
[Black "Carpenter, S."]
[Result "1-0"]
[WhiteElo "1785"]
[BlackElo "1605"]
[PlyCount "117"]
[EventDate "1994.??.??"]

{1/(19)} 1. c4 e5 2. Nc3 Nf6 3. g3 d5 4. cxd5 Nxd5 5. Bg2 Be6 6. Nf3 Nxc3 7.
bxc3 Bd6 8. Qc2 Nc6 9. d3 Qd7 10. Ng5 Bf5 11. Bb2 Qe7 12. Ne4 Ba3 13. Rb1 O-O
14. Bxa3 Qxa3 15. O-O Rab8 16. Rb3 Qa4 17. Nc5 Qa5 18. Nxb7 Qa6 19. Rfb1 e4 20.
dxe4 Be6 21. R3b2 Qc4 22. e3 Bc8 23. Bf1 Qe6 24. Nc5 Rxb2 25. Rxb2 Qd6 26. Nd3
Ba6 27. Nb4 Nxb4 28. cxb4 Qb6 29. Bxa6 Qxa6 30. Rb3 Rd8 31. Rc3 Qf6 32. Rxc7
Qa1+ 33. Kg2 g6 34. Rc8 Rxc8 35. Qxc8+ Kg7 36. Qc4 Kf6 37. Qd4+ Qxd4 38. exd4
Kg5 39. a4 Kf6 40. f4 g5 41. d5 gxf4 42. gxf4 h5 43. e5+ Ke7 44. Kg3 h4+ 45.
Kg4 h3 46. Kf5 Ke8 47. b5 Ke7 48. a5 Ke8 49. Kf6 Kf8 50. b6 axb6 51. axb6 Ke8
52. b7 Kd7 53. d6 Kc6 54. b8=Q Kd5 55. d7 Ke4 56. Qb3 Kxf4 57. d8=Q Ke4 58.
Qdd3+ Kf4 59. Qbc4# 1-0

[Event "Detroit (Class C/2/9)"]
[Site "?"]
[Date "1994.??.??"]
[Round "?"]
[White "Anderson, D."]
[Black "Stinson, Darlene"]
[Result "1-0"]
[WhiteElo "1605"]
[BlackElo "1605"]
[PlyCount "51"]
[EventDate "1994.??.??"]

{2/(9)} 1. e3 g6 2. c4 Bg7 3. d4 d6 4. Be2 Bd7 5. Nf3 Nc6 6. O-O Nf6 7. Nc3 O-O
8. e4 e6 9. Bg5 Qc8 10. Re1 Re8 11. e5 dxe5 12. dxe5 Ng4 13. Ne4 Ngxe5 14. Nxe5
Nxe5 15. Nf6+ Bxf6 16. Bxf6 Nc6 17. Qd3 Ne7 18. Qd2 e5 19. Bxe5 Nf5 20. Bd3 Bc6
21. Bc3 Nh4 22. Qh6 Rxe1+ 23. Rxe1 Qf8 24. Qxh4 Rd8 25. Qf6 Rxd3 26. Qh8# 1-0

[Event "Detroit (Class C/1/18)"]
[Site "?"]
[Date "1994.??.??"]
[Round "?"]
[White "Anderson, D."]
[Black "Moore, W."]
[Result "1-0"]
[WhiteElo "1605"]
[BlackElo "1605"]
[PlyCount "118"]
[EventDate "1994.??.??"]

{1/(18)} 1. e4 c6 2. d4 e5 3. dxe5 Bc5 4. Nf3 Qb6 5. Qe2 Ne7 6. g3 Ng6 7. Bg2
O-O 8. O-O Re8 9. Nc3 Qc7 10. Na4 Bb6 11. Nxb6 Qxb6 12. c3 Nxe5 13. Be3 Qc7 14.
Nxe5 Qxe5 15. Rad1 b6 16. Rfe1 Na6 17. Qc2 Qf6 18. Bf4 Qg6 19. b4 c5 20. b5 Nb8
21. Qb3 Bb7 22. Rd6 Re6 23. e5 Bxg2 24. Kxg2 a6 25. Qd5 Ra7 26. Rxe6 Qxe6 27.
Qxe6 fxe6 28. Re2 h5 29. bxa6 Nxa6 30. Bg5 Nc7 31. Bd8 Rb7 32. c4 Na8 33. Rb2
Kf7 34. Bg5 Kg6 35. Be3 Ra7 36. h4 Kf5 37. Bf4 Ra4 38. Rc2 Nc7 39. Rb2 Rb4 40.
Rxb4 cxb4 41. Bd2 Kxe5 42. Bf4+ Kd4 43. Bxc7 Kxc4 44. Bxb6 b3 45. axb3+ Kxb3
46. Bc7 Kc2 47. Kf3 Kd3 48. Kf4 Ke2 49. f3 Kd3 50. g4 hxg4 51. fxg4 d5 52. h5
d4 53. Be5 Kc4 54. Ke4 d3 55. Bf4 Kc3 56. Ke5 d2 57. Bxd2+ Kxd2 58. Kxe6 Ke3
59. Kf5 Kf3 1-0

[Event "Detroit (Class C/5/2)"]
[Site "?"]
[Date "1994.??.??"]
[Round "?"]
[White "Anderson, D."]
[Black "Barta, Roger"]
[Result "0-1"]
[WhiteElo "1605"]
[BlackElo "1605"]
[PlyCount "134"]
[EventDate "1994.??.??"]

{5/(2)} 1. e4 e6 2. d4 d5 3. Nd2 dxe4 4. Nxe4 Nf6 5. Nxf6+ Qxf6 6. Be3 Bd6 7.
Qd2 O-O 8. O-O-O Nc6 9. Ne2 Nb4 10. Nc3 Nd5 11. Ne4 Qe7 12. Nxd6 Nxe3 13. Qxe3
Qxd6 14. Bd3 Bd7 15. Kb1 Rfe8 16. f3 Rad8 17. h4 Qb6 18. Qf4 Bc6 19. h5 h6 20.
Rh4 Qa5 21. Rg4 Qxh5 22. Rh4 Qg5 23. Qh2 e5 24. Rg4 Qf6 25. Qg1 Rxd4 26. Rxd4
exd4 27. Re1 Rxe1+ 28. Qxe1 Qe6 29. Qh4 Qf6 30. Qf2 g5 31. b3 Qf4 32. Qe1 Qe3
33. Qa5 Qg1+ 34. Kb2 Qxg2 35. Qf5 Qxf3 36. Qh7+ Kf8 37. Qxh6+ Ke7 38. Qxg5+ Ke6
39. Qh6+ f6 40. Qg6 Ke5 41. Qf7 Kd6 42. Qf8+ Ke6 43. Qc8+ Kd6 44. Qd8+ Ke6 45.
Qxc7 Be4 46. Qc4+ Ke5 47. Qc5+ Bd5 48. Qc7+ Ke6 49. Qc8+ Ke7 50. Qc7+ Ke6 51.
Qc5 Qe3 52. Qxa7 f5 53. Qb6+ Ke5 54. Qc7+ Ke6 55. Qc8+ Kd6 56. Qxf5 Kc5 57.
Qf8+ Kc6 58. Qc8+ Kd6 59. Qd8+ Kc6 60. a4 Qd2 61. Bb5+ Kc5 62. Qe7+ Kb6 63.
Qd6+ Bc6 64. Qg3 Bxb5 65. axb5 Kxb5 66. Qd3+ Qxd3 67. cxd3 Kb4 0-1

[Event "Jackson (Prison m/Oct)"]
[Site "?"]
[Date "1994.??.??"]
[Round "?"]
[White "Anderson, B."]
[Black "Meyer, A."]
[Result "1-0"]
[WhiteElo "1605"]
[BlackElo "1605"]
[PlyCount "87"]
[EventDate "1994.??.??"]

1. e4 e6 2. d4 d5 3. e5 c5 4. c3 Nc6 5. Nf3 Qb6 6. Be2 Nge7 7. Na3 Nf5 8. Nc2
Be7 9. Ne3 Nxe3 10. fxe3 O-O 11. Bd3 c4 12. Bc2 Bd7 13. e4 Rae8 14. O-O f6 15.
exf6 Bxf6 16. e5 Be7 17. b3 Nd8 18. bxc4 dxc4 19. Bg5 Nf7 20. Bxe7 Rxe7 21. Nh4
Ree8 22. Qh5 Nh6 23. Qe2 Qd8 24. Qe4 Nf5 25. Nxf5 exf5 26. Qxb7 Qe7 27. Qxa7
Ra8 28. Qb7 Rfb8 29. Qf3 g6 30. Rfb1 Be8 31. Rxb8 Rxb8 32. Qe2 Kg7 33. Qxc4 Bb5
34. Qb3 Rb7 35. Re1 Qg5 36. Qd5 Ba6 37. e6 Re7 38. Qe5+ Kg8 39. d5 Bb7 40. c4
Qd2 41. Bb3 f4 42. Re2 Qc1+ 43. Kf2 Qh1 44. Qxf4 1-0

[Event "Detroit (MI Op/3/40)"]
[Site "?"]
[Date "1994.??.??"]
[Round "?"]
[White "Almquist, W."]
[Black "Taylor, E."]
[Result "0-1"]
[WhiteElo "1875"]
[BlackElo "1920"]
[PlyCount "122"]
[EventDate "1994.??.??"]

{3/(40)} 1. e4 c5 2. Nf3 Nc6 3. d4 cxd4 4. Nxd4 Nf6 5. Nc3 e5 6. Nf5 d6 7. Ng3
Be6 8. Be2 Be7 9. Be3 O-O 10. O-O d5 11. exd5 Nxd5 12. Nxd5 Bxd5 13. Nf5 Bf6
14. c3 Ne7 15. Qc2 Nxf5 16. Qxf5 Be6 17. Qc2 Qe7 18. Bd3 Kh8 19. Rae1 b6 20. f4
Bh4 21. g3 exf4 22. Bxf4 Bg5 23. Bxh7 Bxf4 24. Rxf4 g6 25. Bxg6 fxg6 26. Qxg6
Rxf4 27. Qh6+ Kg8 28. Qxf4 Qc5+ 29. Kg2 Rf8 30. Qe3 Bd5+ 31. Kg1 Qxe3+ 32. Rxe3
Bxa2 33. g4 Rd8 34. Re7 Rd1+ 35. Kf2 Rd2+ 36. Kg3 a5 37. h4 Rxb2 38. Kf4 Bf7
39. h5 a4 40. Ra7 b5 41. Kg5 Kf8 42. h6 Rc2 43. Kf6 Rf2+ 44. Ke5 Rf3 45. g5
Rxc3 46. Rb7 Rc5+ 47. Kd4 Rxg5 48. Rb8+ Be8 49. h7 Rh5 50. Rb7 Bg6 51. h8=Q+
Rxh8 52. Rxb5 Rh7 53. Rb8+ Be8 54. Ra8 Rc7 55. Ke5 Ke7 56. Ra6 Bb5 57. Ra5 Rc5+
58. Kd4 Kd6 59. Ra8 Rc4+ 60. Ke3 Kc5 61. Rc8+ Kb4 0-1

[Event "Detroit (MI Op/4/42)"]
[Site "?"]
[Date "1994.??.??"]
[Round "?"]
[White "Almquist, W."]
[Black "Randel, D."]
[Result "0-1"]
[WhiteElo "1875"]
[BlackElo "1730"]
[PlyCount "50"]
[EventDate "1994.??.??"]

{4/(42)} 1. e4 c5 2. Nf3 Nc6 3. d4 cxd4 4. Nxd4 g6 5. Bc4 Bg7 6. Be3 Nf6 7. Nc3
Qa5 8. Nb3 Qb4 9. Bd3 Nxe4 10. Bxe4 Bxc3+ 11. bxc3 Qxe4 12. O-O O-O 13. Re1 Qc4
14. Bh6 Re8 15. Qf3 f6 16. Re4 Qf7 17. h4 e5 18. c4 b6 19. g4 Bb7 20. Qg3 Nd4
21. Nxd4 Bxe4 22. Nb5 Qxc4 23. Nd6 Qd5 24. Nxe8 Rxe8 25. c4 Qd3 0-1